Statistics for Football Teams Ronald Koeman Played For

Click here to take the quiz!

General Stats

  • This quiz has been taken 11 times
  • The average score is 4 of 5

Answer Stats

LeagueYearsTeam% Correct
Netherlands1983-1986AFC Ajax
100%
Spain1989-1995FC Barcelona
100%
Netherlands1995-1997Feyenoord
89%
Netherlands1986-1989PSV
78%
Netherlands1980-1983FC Groningen
56%

Score Distribution

Percentile by Number Answered

Percent of People with Each Score

Your Score History

You have not taken this quiz